000 01056nas a2200313 4500
001 BR8206080
003 BR-BrBNA
005 20231205085328.0
007 ta
008 230509b bl.|||p| |||| 00| 00por d
040 _aBR-BrBNA
_bpor
_cBiblioteca Nacional de Agricultura
041 _a(Pt)
072 _aK20; P20
100 1 _aAoki, H.
100 1 _aBarbosa, A.F.
100 1 _aSantos, J.R. dos
100 1 _aHernandez Filho, P.
111 1 _aCongresso Nacional sobre Essencias Nativas
_cCampos de Jordao, SP (Brazil)
_d12 Sep 1982
245 1 _aAspecto temporal da tecnologia de sensoriamento remoto orbital no monitoramento de parques e reservas do estado de Sao Paulo
650 _aPARQUE ESTADUAL
650 _aRESERVA FLORESTAL
650 _aCONSERVACAO
650 _aSENSORIAMENTO REMOTO
650 _aAEROFOTOGRAMETRIA
650 _aSAO PAULO
773 0 _tSilvicultura em Sao Paulo (Brazil)
_xISSN 0583-3132
_g(1982), v. 16-A(pt. 3) p. 1811-1814
_wBR8206080
909 _a202311
_bLúcia
_c55
_dLúcia Elande
942 _2AGRIS
_n0
_cANA
999 _c110750
_d110750